Romancero tico /
Gespeichert in:
| 1. Verfasser: | |
|---|---|
| Format: | Buch |
| Sprache: | Spanish |
| Veröffentlicht: |
San José, Costa Rica :
Editorial Costa Rica,
1982.
|
| Schriftenreihe: | Libros de poesía
14 |
| Schlagworte: | |
| Tags: |
Tag hinzufügen
Keine Tags, Fügen Sie den ersten Tag hinzu!
|
MARC
| LEADER | 00000cam a2200000 a 4500 | ||
|---|---|---|---|
| 001 | 2831158 | ||
| 005 | 20170512090104.0 | ||
| 008 | 830621s1982 cr 000 0 spa | ||
| 040 | |a DLC |c DLC |d DLC |d MH |d CRU CIICLA | ||
| 082 | |a CR861.4 |b A282r | ||
| 100 | 2 | |a Agüero Chaves, Arturo, |d 1907-2001 | |
| 245 | 1 | 0 | |a Romancero tico / |c Arturo Agüero Chaves |
| 260 | |a San José, Costa Rica : |b Editorial Costa Rica, |c 1982. | ||
| 300 | |a 261 páginas | ||
| 490 | 1 | |a Libros de poesía |v 14 | |
| 650 | 7 | |9 76 |a LITERATURA COSTARRICENSE |v POESIA | |
| 942 | |2 ddc |c BK | ||
| 999 | |c 4147 |d 4147 | ||
